[Event "EU Small Countries ol 8th"]
[Site "St Helier"]
[Date "2023.11.03"]
[Round "8.2"]
[White "Iclicki, Willy"]
[Black "Volpinari, Danilo"]
[Result "1/2-1/2"]
[WhiteElo "1925"]
[BlackElo "1900"]
[PlyCount "51"]
[EventDate "2023.10.29"]
[EventType "team-tourn"]
[EventRounds "9"]
[EventCountry "GCI"]
[SourceTitle "Mega2024 Update 01"]
[Source "Chessbase"]
[SourceDate "2023.11.12"]
[SourceVersion "1"]
[SourceVersionDate "2023.11.12"]
[SourceQuality "1"]
[WhiteTeam "Liechtenstein"]
[BlackTeam "San Marino"]
[WhiteTeamCountry "LIE"]
[BlackTeamCountry "SMR"]

1. d4 d5 2. Nf3 Nf6 3. e3 Bg4 4. Be2 c6 5. Nbd2 Nbd7 6. b3 e6 7. Bb2 Bd6 8. 0-0 0-0 9. c4 Qe7 10. Ne5 Bxe2 11. Qxe2 Rac8 12. Ndf3 Rfd8 13. Rfc1 Ne4 14. Nxd7 Qxd7 15. Nd2 Nxd2 16. Qxd2 Qe7 17. Qe2 Qh4 18. g3 Qg5 19. f4 Qg6 20. c5 Bc7 21. Rf1 Re8 22. Rae1 Rcd8 23. Bc3 Qe4 24. Qg2 Qxg2+ 25. Kxg2 f5 26. b4 1/2-1/2

[Event "EU Small Countries blitz op 8th"]
[Site "St Helier"]
[Date "2023.11.02"]
[Round "8"]
[White "Iclicki, Willy"]
[Black "Nevska, Gerda"]
[Result "0-1"]
[WhiteElo "1969"]
[BlackElo "1858"]
[PlyCount "72"]
[EventDate "2023.11.02"]
[EventType "swiss (blitz)"]
[EventRounds "11"]
[EventCountry "GCI"]
[SourceTitle "CB46_2023"]
[SourceDate "2023.11.15"]
[SourceVersion "1"]
[SourceVersionDate "2023.11.15"]
[SourceQuality "1"]

1. d4 b5 2. e4 Nf6 3. Bd3 Bb7 4. Qe2 b4 5. c3 e6 6. Bg5 h6 7. Bh4 g5 8. Bg3 Nc6 9. Nf3 Bg7 10. 0-0 Nh5 11. Nbd2 a5 12. Bb5 Nf4 13. Bxf4 gxf4 14. Bxc6 dxc6 15. Nc4 Ba6 16. Rad1 Qb8 17. Nfd2 c5 18. e5 0-0 19. Qe4 bxc3 20. bxc3 cxd4 21. cxd4 f5 22. exf6 Rxf6 23. Rb1 Qd8 24. Rfc1 Rf5 25. Ne5 Bxe5 26. dxe5 Bd3 27. Qc6 Bxb1 28. Qxe6+ Rf7 29. Rxb1 Qxd2 30. h3 Raf8 31. Rb7 Kh7 32. Qc6 f3 33. Qe4+ Kg8 34. Qg6+ Rg7 35. Qe6+ Kh7 36. g3 Qe1+ 0-1

[Event "EU Small Countries ol 8th"]
[Site "St Helier"]
[Date "2023.11.01"]
[Round "6.3"]
[White "Iclicki, Willy"]
[Black "Gengler, Pierre"]
[Result "0-1"]
[WhiteElo "1925"]
[BlackElo "2130"]
[PlyCount "66"]
[EventDate "2023.10.29"]
[EventType "team-tourn"]
[EventRounds "9"]
[EventCountry "GCI"]
[SourceTitle "Mega2024 Update 01"]
[Source "Chessbase"]
[SourceDate "2023.11.12"]
[SourceVersion "1"]
[SourceVersionDate "2023.11.12"]
[SourceQuality "1"]
[WhiteTeam "Liechtenstein"]
[BlackTeam "Luxembourg"]
[WhiteTeamCountry "LIE"]
[BlackTeamCountry "LUX"]

1. d4 g6 2. c4 Bg7 3. Nc3 d6 4. e4 Nd7 5. Nf3 e5 6. dxe5 dxe5 7. Be2 Ngf6 8. 0-0 0-0 9. Qc2 c6 10. Rd1 Qc7 11. Be3 h6 12. Qd2 Ng4 13. Qd6 Qxd6 14. Rxd6 Nxe3 15. fxe3 Re8 16. a3 a5 17. Rad1 Nc5 18. Rd8 Kf8 19. Ne1 Be6 20. Rxa8 Rxa8 21. Nc2 Nb3 22. Na1 Nc5 23. Nc2 a4 24. Nb4 Ke8 25. Kf2 Bf8 26. Rd2 f6 27. h3 Nd7 28. Nca2 Nb6 29. Rc2 Ra5 30. Nc1 Rc5 31. b3 Ra5 32. bxa4 Rxa4 33. Nca2 Rxa3 0-1

[Event "Olympiad-44"]
[Site "Chennai"]
[Date "2022.08.08"]
[Round "10.2"]
[White "Croes, Octavio"]
[Black "Iclicki, Willy"]
[Result "1-0"]
[WhiteElo "1794"]
[BlackElo "1977"]
[PlyCount "85"]
[EventDate "2022.07.29"]
[EventType "team-swiss"]
[EventRounds "11"]
[EventCountry "IND"]
[SourceTitle "CBM 210"]
[Source "ChessBase"]
[SourceDate "2022.10.31"]
[SourceVersion "1"]
[SourceVersionDate "2022.10.31"]
[SourceQuality "1"]
[WhiteTeam "Aruba"]
[BlackTeam "Liechtenstein"]
[WhiteTeamCountry "ARN"]
[BlackTeamCountry "LIE"]

1. d4 d5 2. c4 c6 3. Nf3 Nf6 4. g3 e6 5. Bg2 Nbd7 6. 0-0 Bd6 7. Nbd2 0-0 8. Qc2 Re8 9. e4 dxe4 10. Nxe4 Nxe4 11. Qxe4 e5 12. dxe5 Nxe5 13. Nxe5 Bxe5 14. Re1 Bd7 15. Qc2 Qf6 16. Be4 h6 17. Rb1 Bh3 18. Be3 Rad8 19. Bxa7 Ra8 20. Bc5 Re6 21. Qd3 Rd8 22. Qf3 Qxf3 23. Bxf3 Bf5 24. Be4 Bxe4 25. Rxe4 Rd2 26. Rbe1 Bf6 27. Rxe6 fxe6 28. Rxe6 Rxb2 29. Re8+ Kh7 30. Rb8 Rxa2 31. Rxb7 Rc2 32. Rb4 Kg6 33. Be3 Kf5 34. c5 Ke6 35. Rb7 Kd5 36. Rd7+ Kc4 37. Rd6 Bb2 38. Rxc6 Kb5 39. Rc8 Bf6 40. Rb8+ Kc6 41. Rb6+ Kd7 42. Bxh6 Bd4 43. Rd6+ 1-0

[Event "Olympiad-44"]
[Site "Chennai"]
[Date "2022.08.02"]
[Round "5.2"]
[White "Iclicki, Willy"]
[Black "Brookfield, Toby"]
[Result "1-0"]
[WhiteElo "1977"]
[BlackElo "1815"]
[PlyCount "141"]
[EventDate "2022.07.29"]
[EventType "team-swiss"]
[EventRounds "11"]
[EventCountry "IND"]
[SourceTitle "CBM 210"]
[Source "ChessBase"]
[SourceDate "2022.10.31"]
[SourceVersion "1"]
[SourceVersionDate "2022.10.31"]
[SourceQuality "1"]
[WhiteTeam "Liechtenstein"]
[BlackTeam "Guernsey"]
[WhiteTeamCountry "LIE"]
[BlackTeamCountry "GCI"]

1. d4 f5 2. Nc3 Nf6 3. Bg5 d5 4. f3 Be6 5. e3 a6 6. Bd3 g6 7. Nge2 Bg7 8. Qd2 Nc6 9. a3 Qd7 10. 0-0-0 0-0-0 11. Na4 Bf7 12. Nc5 Qd6 13. Qc3 Nb8 14. Bf4 Qc6 15. Be5 Bh6 16. Nf4 g5 17. Bxf5+ Nbd7 18. Nfe6 Bxe6 19. Bxe6 Rhe8 20. Bxf6 exf6 21. Bxd7+ Rxd7 22. Nxd7 Qxd7 23. g4 Re6 24. Qd3 Bf8 25. Qf5 Kb8 26. Rd3 Qe8 27. Kb1 h6 28. Rhd1 Bd6 29. Qxd5 Rxe3 30. Rxe3 Qxe3 31. Qe4 Qf2 32. Rd3 Qxh2 33. Rb3 b6 34. a4 a5 35. c4 Ka7 36. Ka2 Qd2 37. c5 Bf8 38. cxb6+ cxb6 39. Qd5 Bb4 40. Qd7+ Ka6 41. Qc8+ Ka7 42. Qc7+ Ka6 43. Qc4+ Ka7 44. d5 Qh2 45. Qc6 Qf4 46. d6 Qxd6 47. Qxd6 Bxd6 48. Rd3 Be5 49. Rd7+ Ka6 50. b3 b5 51. Kb1 bxa4 52. bxa4 Kb6 53. Kc2 Kc5 54. Kb3 Bf4 55. Rd1 Be5 56. Rd8 Bf4 57. Re8 Be5 58. Rd8 Bf4 59. Rd1 Be5 60. Re1 Kd4 61. Kc2 Kc4 62. Re4+ Kc5 63. Kd3 Kd5 64. Re1 Kc5 65. Rb1 Bc7 66. Rb5+ Kd6 67. Ke4 Ke6 68. Rc5 Bd8 69. Rc6+ Kf7 70. Kf5 Be7 71. Rc7 1-0

[Event "EU Small Countries ol 7th"]
[Site "Sliema"]
[Date "2021.11.30"]
[Round "4.5"]
[White "Pace, Colin"]
[Black "Iclicki, Willy"]
[Result "0-1"]
[WhiteElo "2141"]
[BlackElo "1979"]
[PlyCount "54"]
[EventDate "2021.11.28"]
[EventType "team-tourn"]
[EventRounds "9"]
[EventCountry "MLT"]
[SourceTitle "CBM 205 Extra"]
[Source "ChessBase"]
[SourceDate "2022.01.31"]
[SourceVersion "1"]
[SourceVersionDate "2022.01.31"]
[SourceQuality "1"]
[WhiteTeam "Malta"]
[BlackTeam "Liechtenstein"]
[WhiteTeamCountry "MLT"]
[BlackTeamCountry "LIE"]

1. e4 c6 2. d4 d5 3. Nc3 dxe4 4. Nxe4 Nf6 5. Nxf6+ exf6 6. c3 Bd6 7. Bd3 0-0 8. Qc2 Re8+ 9. Ne2 h5 10. Be3 b5 11. 0-0 h4 12. h3 Be6 13. Nf4 Bxf4 14. Bxf4 Nd7 15. a4 bxa4 16. Qxa4 Nc5 17. dxc5 Qxd3 18. Rad1 Qg6 19. Kh1 Bd5 20. Rxd5 cxd5 21. Be3 Qf5 22. Ra1 Re5 23. Qc6 Rae8 24. Rxa7 Rxe3 25. fxe3 Qf1+ 26. Kh2 Rxe3 27. Qc7 Kh7 0-1

[Event "Olympiad-43"]
[Site "Batumi"]
[Date "2018.09.27"]
[Round "4.76"]
[White "Iclicki, Willy"]
[Black "Alfaro Caracas, William"]
[Result "0-1"]
[WhiteElo "1992"]
[BlackElo "2163"]
[PlyCount "88"]
[EventDate "2018.09.24"]
[EventType "team-swiss"]
[EventRounds "11"]
[EventCountry "GEO"]
[SourceTitle "CBM 187"]
[Source "ChessBase"]
[SourceDate "2018.12.11"]
[SourceVersion "1"]
[SourceVersionDate "2018.12.11"]
[SourceQuality "1"]
[WhiteTeam "Liechtenstein"]
[BlackTeam "Nicaragua"]
[WhiteTeamCountry "LIE"]
[BlackTeamCountry "NCA"]

1. d4 Nf6 2. c4 c5 3. d5 b5 4. cxb5 a6 5. bxa6 g6 6. Nc3 Bg7 7. e4 0-0 8. Nf3 Qa5 9. Bd2 Bxa6 10. Bxa6 Qxa6 11. Qe2 d6 12. Qxa6 Nxa6 13. Ke2 Rfb8 14. Rab1 Nc7 15. a3 Nb5 16. Kd3 Ng4 17. Rhf1 Nd4 18. Nxd4 cxd4 19. Ne2 Ne5+ 20. Kxd4 Nf3+ 21. Kd3 Nxd2 22. Kxd2 Bxb2 23. Kc2 Bxa3 24. Rxb8+ Rxb8 25. Rb1 Rc8+ 26. Kd3 Bc5 27. f3 Ra8 28. Rb2 Ra3+ 29. Kc4 Re3 30. Nf4 Ra3 31. Nd3 Bg1 32. h3 Kg7 33. Nb4 Kf6 34. Nc6 Ra8 35. Kd3 h5 36. Ke2 h4 37. Rb7 Ra2+ 38. Kf1 Ra1+ 39. Ke2 Ra2+ 40. Kf1 Bh2 41. Rxe7 Bg3 42. Re8 Rc2 43. Rf8 Rf2+ 44. Kg1 Re2 0-1

[Event "Paris European Corporate 1st"]
[Site "Paris"]
[Date "2017.11.24"]
[Round "4.3"]
[White "Iclicki, Willy"]
[Black "Maufras, Jerome"]
[Result "1-0"]
[WhiteElo "1968"]
[BlackElo "1950"]
[PlyCount "101"]
[EventDate "2017.11.24"]
[EventType "team-swiss"]
[EventRounds "9"]
[EventCountry "FRA"]
[SourceTitle "CBM 181 Extra"]
[Source "ChessBase"]
[SourceDate "2017.12.12"]
[SourceVersion "1"]
[SourceVersionDate "2017.12.12"]
[SourceQuality "1"]
[WhiteTeam "Echesspedia"]
[BlackTeam "Leonard"]
[WhiteTeamCountry "BEL"]
[BlackTeamCountry "FRA"]

1. d4 d5 2. c4 e6 3. Nc3 Nf6 4. Bg5 Be7 5. cxd5 exd5 6. Qc2 0-0 7. e3 c6 8. Bd3 h6 9. Bh4 Ne8 10. Bxe7 Qxe7 11. Nf3 f5 12. Ne5 Qd8 13. 0-0-0 Nd6 14. g4 Nd7 15. gxf5 Nxe5 16. dxe5 Nxf5 17. Qd2 Nh4 18. Be2 Rxf2 19. Rdf1 Rxf1+ 20. Rxf1 Qg5 21. Nxd5 Bh3 22. Nf6+ gxf6 23. Rxf6 Qxe5 24. Bc4+ Kg7 25. Rf7+ Kg6 26. Qf2 Nf5 27. Qg1+ Kh5 28. Be2+ Kh4 29. Qf2+ Ng3 30. hxg3+ Kg5 31. Qf4+ Qxf4 32. gxf4+ Kg6 33. Rxb7 h5 34. Rc7 Bg2 35. Bd3+ Kf6 36. e4 h4 37. Rxc6+ Kg7 38. Rc7+ Kh6 39. e5 Kh5 40. Rh7+ Kg4 41. f5 h3 42. f6 Rd8 43. Kc2 Rc8+ 44. Kd2 Rd8 45. Ke3 Kg3 46. Rg7+ Kh2 47. f7 Bd5 48. Bf5 Bxa2 49. e6 Rf8 50. Kf2 a5 51. Rh7 1-0

[Event "EU Small Countries ol 5th"]
[Site "Andorra"]
[Date "2017.11.15"]
[Round "6.3"]
[White "Garcia Paolicchi, Raul"]
[Black "Iclicki, Willy"]
[Result "1/2-1/2"]
[WhiteElo "2150"]
[BlackElo "1968"]
[PlyCount "35"]
[EventDate "2017.11.12"]
[EventType "team-tourn"]
[EventRounds "9"]
[EventCountry "AND"]
[SourceTitle "CBM 181 Extra"]
[Source "ChessBase"]
[SourceDate "2017.12.12"]
[SourceVersion "1"]
[SourceVersionDate "2017.12.12"]
[SourceQuality "1"]
[WhiteTeam "Andorra"]
[BlackTeam "Liechtenstein"]
[WhiteTeamCountry "AND"]
[BlackTeamCountry "LIE"]

1. d4 d5 2. c4 c6 3. cxd5 cxd5 4. Bg5 Nf6 5. Bxf6 gxf6 6. Nc3 e6 7. e3 Bd6 8. Bd3 Nc6 9. Nf3 Bd7 10. Rc1 Rc8 11. 0-0 f5 12. g3 h5 13. h4 a6 14. Ne2 Qf6 15. Nf4 Ke7 16. Be2 Rcg8 17. Re1 Qh6 18. Kh1 1/2-1/2

[Event "EU Small Countries ol 5th"]
[Site "Andorra"]
[Date "2017.11.14"]
[Round "4.4"]
[White "Iclicki, Willy"]
[Black "Rodgaard, John"]
[Result "1/2-1/2"]
[WhiteElo "1968"]
[BlackElo "2332"]
[PlyCount "54"]
[EventDate "2017.11.12"]
[EventType "team-tourn"]
[EventRounds "9"]
[EventCountry "AND"]
[SourceTitle "CBM 181 Extra"]
[Source "ChessBase"]
[SourceDate "2017.12.12"]
[SourceVersion "1"]
[SourceVersionDate "2017.12.12"]
[SourceQuality "1"]
[WhiteTeam "Liechtenstein"]
[BlackTeam "Faroe Islands"]
[WhiteTeamCountry "LIE"]
[BlackTeamCountry "FAI"]

1. d4 d5 2. c4 c6 3. Nc3 Nf6 4. e3 e6 5. Nf3 Nbd7 6. Qc2 Bd6 7. e4 dxe4 8. Nxe4 Nxe4 9. Qxe4 c5 10. dxc5 Bxc5 11. Be2 Bb4+ 12. Bd2 Bxd2+ 13. Nxd2 Nf6 14. Qe3 0-0 15. 0-0 Qc7 16. b3 b6 17. Bf3 Bb7 18. Bxb7 Qxb7 19. Nf3 Rad8 20. Rad1 Qc8 21. Qe2 h6 22. h3 Rfe8 23. Rxd8 Rxd8 24. Rd1 Qc7 25. Rxd8+ Qxd8 26. Qd2 Qc7 27. Qd4 Nd7 1/2-1/2

[Event "Olympiad-42"]
[Site "Baku"]
[Date "2016.09.12"]
[Round "10.3"]
[White "Iclicki, Willy"]
[Black "Amer, Said Salim Al Maash"]
[Result "1/2-1/2"]
[WhiteElo "1963"]
[BlackElo "2044"]
[PlyCount "85"]
[EventDate "2016.09.02"]
[EventType "team-swiss"]
[EventRounds "11"]
[EventCountry "AZE"]
[SourceTitle "CBM 175"]
[Source "ChessBase"]
[SourceDate "2016.11.10"]
[SourceVersion "1"]
[SourceVersionDate "2016.11.10"]
[SourceQuality "1"]
[WhiteTeam "Liechtenstein"]
[BlackTeam "Oman"]
[WhiteTeamCountry "LIE"]
[BlackTeamCountry "OMN"]

1. d4 Nf6 2. c4 e6 3. g3 d5 4. Bg2 Bb4+ 5. Bd2 Be7 6. Nf3 0-0 7. Qc2 Nbd7 8. 0-0 Ne4 9. Nc3 Nxd2 10. Nxd2 Nf6 11. Rfd1 c6 12. a3 Re8 13. Rac1 Bf8 14. e3 g6 15. Qb3 Bh6 16. Nf3 Ng4 17. h3 Nxe3 18. fxe3 Bxe3+ 19. Kh2 Bxc1 20. Rxc1 Qa5 21. Rf1 Kg7 22. Nd1 f6 23. Ne3 dxc4 24. Nxc4 Qc7 25. Qe3 b5 26. Ncd2 b4 27. Ne4 Ba6 28. Rf2 Bc4 29. Nxf6 Rf8 30. Ng4 Bd5 31. Nfe5 Rxf2 32. Qxf2 Rf8 33. Qe3 bxa3 34. bxa3 Qb7 35. Bxd5 exd5 36. Qd2 Rf5 37. Ne3 Rf8 38. N3g4 Rf5 39. Ne3 Rf6 40. N3g4 Rf8 41. h4 Rf1 42. Ne3 Rb1 43. Ng2 1/2-1/2

[Event "Olympiad-42"]
[Site "Baku"]
[Date "2016.09.03"]
[Round "2.3"]
[White "Chunguane, Ilidio Alberto"]
[Black "Iclicki, Willy"]
[Result "1-0"]
[WhiteElo "2034"]
[BlackElo "1963"]
[PlyCount "93"]
[EventDate "2016.09.02"]
[EventType "team-swiss"]
[EventRounds "11"]
[EventCountry "AZE"]
[SourceTitle "CBM 175"]
[Source "ChessBase"]
[SourceDate "2016.11.10"]
[SourceVersion "1"]
[SourceVersionDate "2016.11.10"]
[SourceQuality "1"]
[WhiteTeam "Mozambique"]
[BlackTeam "Liechtenstein"]
[WhiteTeamCountry "MOZ"]
[BlackTeamCountry "LIE"]

1. d4 d5 2. c4 c6 3. Nc3 Nf6 4. Nf3 e6 5. c5 b6 6. cxb6 axb6 7. Bg5 Be7 8. e3 0-0 9. Be2 Nbd7 10. 0-0 c5 11. Nb5 Ba6 12. a4 h6 13. Bf4 Bxb5 14. Bxb5 Ne4 15. Ne5 Nxe5 16. Bxe5 Bf6 17. f4 c4 18. Rc1 Nd6 19. Bxd6 Qxd6 20. b3 cxb3 21. Qxb3 Rfc8 22. Rc3 Rc7 23. Rfc1 Rac8 24. Rxc7 Rxc7 25. Rb1 g5 26. g3 Be7 27. Bd3 Qa3 28. Qxa3 Bxa3 29. Rxb6 Rc3 30. a5 Bc1 31. a6 Bxe3+ 32. Kf1 Bxd4 33. a7 Ra3 34. Rb8+ Kg7 35. a8Q Rxa8 36. Rxa8 gxf4 37. gxf4 Be3 38. f5 Kf6 39. fxe6 fxe6 40. Ke2 Bg5 41. Ra6 Ke5 42. Bh7 Be7 43. Bg8 Bd6 44. h3 h5 45. Kd3 h4 46. Rb6 d4 47. Ra6 1-0

[Event "WchT Seniors 50"]
[Site "Radebeul"]
[Date "2016.07.03"]
[Round "8.20"]
[White "Doppelhammer, Herbert"]
[Black "Iclicki, Willy"]
[Result "1/2-1/2"]
[WhiteElo "2040"]
[BlackElo "1970"]
[PlyCount "23"]
[EventDate "2016.06.26"]
[EventType "team-swiss"]
[EventRounds "9"]
[EventCountry "GER"]
[SourceTitle "CBM 173 Extra"]
[Source "ChessBase"]
[SourceDate "2016.08.29"]
[SourceVersion "1"]
[SourceVersionDate "2016.08.29"]
[SourceQuality "1"]
[WhiteTeam "Oberoesterreich"]
[BlackTeam "Liechtenstein"]
[WhiteTeamCountry "AUT"]
[BlackTeamCountry "LIE"]

1. d4 d5 2. Bf4 c6 3. e3 Bf5 4. Bd3 Bg6 5. Ne2 e6 6. 0-0 Bd6 7. c4 Ne7 8. Nbc3 0-0 9. Rc1 Bxf4 10. Nxf4 Nd7 11. cxd5 cxd5 12. Bxg6 1/2-1/2

[Event "WchT Seniors 50"]
[Site "Radebeul"]
[Date "2016.06.26"]
[Round "1.3"]
[White "Iclicki, Willy"]
[Black "Kozlovskaya, Valentina"]
[Result "0-1"]
[WhiteElo "1970"]
[BlackElo "2218"]
[PlyCount "100"]
[EventDate "2016.06.26"]
[EventType "team-swiss"]
[EventRounds "9"]
[EventCountry "GER"]
[SourceTitle "CBM 173 Extra"]
[Source "ChessBase"]
[SourceDate "2016.08.29"]
[SourceVersion "1"]
[SourceVersionDate "2016.08.29"]
[SourceQuality "1"]
[WhiteTeam "Liechtenstein"]
[BlackTeam "Russia (Women)"]
[WhiteTeamCountry "LIE"]
[BlackTeamCountry "RUS"]

1. d4 Nf6 2. c4 d6 3. Nc3 g6 4. e4 Bg7 5. f4 0-0 6. Nf3 c6 7. Be2 a6 8. a4 a5 9. 0-0 Na6 10. h3 Nb4 11. Be3 Bd7 12. Qd2 Ne8 13. Rad1 f5 14. e5 d5 15. cxd5 cxd5 16. Bb5 Nc7 17. Qe2 e6 18. Rc1 Rc8 19. Bd2 Re8 20. Bxd7 Qxd7 21. Nb5 Nxb5 22. Qxb5 Qxb5 23. axb5 Bf8 24. Bxb4 Bxb4 25. Kf2 h6 26. Ke2 Kf7 27. Kd3 Ke7 28. g4 Kf7 29. gxf5 gxf5 30. Rg1 Be7 31. Ra1 Bd8 32. Nd2 b6 33. Nf3 Rc4 34. Rg2 Rg8 35. Rxg8 Kxg8 36. Nd2 Rb4 37. Rc1 Kf7 38. b3 Rxb5 39. Rc8 Ke7 40. Ra8 Kd7 41. Ra7+ Bc7 42. Ra8 h5 43. Rh8 Bd8 44. Rxh5 a4 45. bxa4 Ra5 46. Rh7+ Be7 47. Rh8 Rxa4 48. Rb8 Ra3+ 49. Ke2 Bd8 50. Rb7+ Bc7 0-1

[Event "Andorra op 33rd"]
[Site "La Massana"]
[Date "2015.07.18"]
[Round "1"]
[White "Vazquez Igarza, Renier"]
[Black "Iclicki, Willy"]
[Result "1-0"]
[WhiteElo "2581"]
[BlackElo "1979"]
[PlyCount "79"]
[EventDate "2015.07.18"]
[EventType "swiss"]
[EventRounds "9"]
[EventCountry "AND"]
[SourceTitle "CBM 167 Extra"]
[Source "ChessBase"]
[SourceDate "2015.09.14"]
[SourceVersion "1"]
[SourceVersionDate "2015.09.14"]
[SourceQuality "1"]

1. Nf3 d5 2. c4 c6 3. e3 e6 4. b3 Nf6 5. Bb2 Bd6 6. Qc2 Nbd7 7. Nc3 0-0 8. Be2 Qe7 9. Rg1 dxc4 10. bxc4 e5 11. g4 e4 12. Nd4 Nc5 13. g5 Ne8 14. h4 Be5 15. 0-0-0 Nd6 16. h5 Bxd4 17. exd4 Nd3+ 18. Bxd3 exd3 19. Qxd3 Bf5 20. Qf3 Qd7 21. d3 Rfe8 22. d5 Rad8 23. h6 Bg6 24. hxg7 Qf5 25. Qxf5 Bxf5 26. c5 Nb5 27. Ne4 Bxe4 28. dxe4 cxd5 29. Rxd5 Rc8 30. Rgd1 Nc7 31. Rf5 Ne6 32. Kb1 Nxg7 33. Bxg7 Kxg7 34. Rd7 Rf8 35. Rxb7 h6 36. gxh6+ Kxh6 37. Kc2 Kg6 38. Rxa7 Rfe8 39. f3 Rh8 40. Kd3 1-0

[Event "Reykjavik op"]
[Site "Reykjavik"]
[Date "2014.03.09"]
[Round "7"]
[White "Iclicki, Willy"]
[Black "Kolka, Dawid"]
[Result "1-0"]
[WhiteElo "1993"]
[BlackElo "1736"]
[PlyCount "69"]
[EventDate "2014.03.04"]
[EventType "swiss"]
[EventRounds "10"]
[EventCountry "ISL"]
[SourceTitle "CBM 159 Extra"]
[Source "ChessBase"]
[SourceDate "2014.04.24"]
[SourceVersion "1"]
[SourceVersionDate "2014.04.24"]
[SourceQuality "1"]

1. d4 c6 2. c4 d5 3. Nc3 Nf6 4. e3 e6 5. Nf3 Nbd7 6. Bd3 Be7 7. 0-0 0-0 8. Qe2 Re8 9. e4 dxe4 10. Nxe4 Nxe4 11. Bxe4 Nf6 12. Bc2 b6 13. Rd1 Bb7 14. Bg5 Qc7 15. c5 Nd5 16. Qe4 g6 17. Qh4 Ba6 18. Re1 Rab8 19. cxb6 axb6 20. Be4 Bxg5 21. Nxg5 Nf6 22. Rac1 Bb7 23. Re3 Rbc8 24. Rf3 Qe7 25. Qh6 Rc7 26. Rh3 Qb4 27. Rd1 Qxb2 28. Nxh7 Nxh7 29. Qxh7+ Kf8 30. Bxg6 c5 31. Qh6+ Ke7 32. Qf4 Kd8 33. Bxf7 Rf8 34. Rh7 Qc2 35. Qxc7+ 1-0

[Event "Reykjavik op"]
[Site "Reykjavik"]
[Date "2014.03.05"]
[Round "2"]
[White "Iclicki, Willy"]
[Black "Lee, Gudmundur Kristinn"]
[Result "1-0"]
[WhiteElo "1993"]
[BlackElo "1649"]
[PlyCount "63"]
[EventDate "2014.03.04"]
[EventType "swiss"]
[EventRounds "10"]
[EventCountry "ISL"]
[SourceTitle "CBM 159 Extra"]
[Source "ChessBase"]
[SourceDate "2014.04.24"]
[SourceVersion "1"]
[SourceVersionDate "2014.04.24"]
[SourceQuality "1"]

1. d4 Nf6 2. c4 e6 3. Nf3 Bb4+ 4. Nbd2 c5 5. e3 0-0 6. a3 Bxd2+ 7. Bxd2 b6 8. Bd3 Bb7 9. Qc2 Nc6 10. Bc3 d5 11. dxc5 dxc4 12. Bxc4 bxc5 13. 0-0 h6 14. Rfd1 Qe7 15. Rd2 Rfd8 16. Rad1 Nd7 17. Ba2 Nb6 18. Bb1 g6 19. b3 Rxd2 20. Rxd2 Nd5 21. Ba1 f5 22. e4 Nf6 23. exf5 gxf5 24. Qc4 Rf8 25. Bxf5 Nd8 26. Re2 Bd5 27. Qh4 Qg7 28. Be4 Bxb3 29. Re3 Bd5 30. Nd2 Kf7 31. Rg3 Qh8 32. Bxf6 1-0

[Event "EU-Cup 29th"]
[Site "Rhodes"]
[Date "2013.10.25"]
[Round "6.5"]
[White "Iclicki, Willy"]
[Black "Oberweis, Paul"]
[Result "0-1"]
[WhiteElo "1999"]
[BlackElo "2052"]
[PlyCount "86"]
[EventDate "2013.10.20"]
[EventType "team-swiss"]
[EventRounds "7"]
[EventCountry "GRE"]
[SourceTitle "CBM 157"]
[Source "ChessBase"]
[SourceDate "2013.11.12"]
[SourceVersion "1"]
[SourceVersionDate "2013.11.12"]
[SourceQuality "1"]
[WhiteTeam "Monte Carlo"]
[BlackTeam "Echternach Sprenger"]
[WhiteTeamCountry "MNC"]
[BlackTeamCountry "LUX"]

1. d4 Nf6 2. c4 g6 3. Nc3 Bg7 4. e4 d6 5. f4 0-0 6. Nf3 c5 7. d5 e6 8. Be2 exd5 9. cxd5 Re8 10. e5 dxe5 11. fxe5 Ng4 12. e6 fxe6 13. d6 Bd7 14. Ng5 Nh6 15. 0-0 Na6 16. Nge4 Rf8 17. Bg5 Rxf1+ 18. Qxf1 Qf8 19. Bxh6 Bd4+ 20. Kh1 Qxh6 21. Nf6+ Bxf6 22. Qxf6 Rf8 23. Qe7 Rf7 24. Qd8+ Qf8 25. Qxf8+ Kxf8 26. Bxa6 bxa6 27. Kg1 Bc6 28. Re1 Ke8 29. Re5 Kd7 30. Rxc5 Rf5 31. Rc4 Kxd6 32. h4 Bb5 33. Rd4+ Ke7 34. Rd2 Rf4 35. g3 Rc4 36. Kf2 Bc6 37. Ke3 Rg4 38. Kf2 Rb4 39. a3 Rb8 40. Kg1 Rf8 41. Kh2 Rf1 42. Kh3 h5 43. g4 Rh1+ 0-1

[Event "EU-Cup 29th"]
[Site "Rhodes"]
[Date "2013.10.21"]
[Round "2.6"]
[White "Mirza, Gabriel"]
[Black "Iclicki, Willy"]
[Result "1/2-1/2"]
[WhiteElo "1735"]
[BlackElo "1999"]
[PlyCount "129"]
[EventDate "2013.10.20"]
[EventType "team-swiss"]
[EventRounds "7"]
[EventCountry "GRE"]
[SourceTitle "CBM 157"]
[Source "ChessBase"]
[SourceDate "2013.11.12"]
[SourceVersion "1"]
[SourceVersionDate "2013.11.12"]
[SourceQuality "1"]
[WhiteTeam "Adare"]
[BlackTeam "Monte Carlo"]
[WhiteTeamCountry "IRL"]
[BlackTeamCountry "MNC"]

1. Nf3 d5 2. g3 c6 3. Bg2 Bg4 4. d3 Nd7 5. Nbd2 e6 6. b3 Ngf6 7. Bb2 Bd6 8. c4 0-0 9. 0-0 Qe7 10. a3 a5 11. Qc2 Rfe8 12. e4 Bxf3 13. Bxf3 dxe4 14. Nxe4 Nxe4 15. Bxe4 Nf6 16. Bg2 c5 17. Bc3 Qc7 18. Qb2 Be7 19. Rad1 Red8 20. Rfe1 Ne8 21. d4 cxd4 22. Rxd4 Rxd4 23. Bxd4 Bf6 24. Be5 Qb6 25. Kf1 Rd8 26. Qc2 Bxe5 27. Rxe5 Qc7 28. Rb5 Nd6 29. Rh5 g6 30. Rg5 Nf5 31. h4 h5 32. Be4 b6 33. Bxf5 exf5 34. Qxf5 Rd1+ 35. Kg2 Qd6 36. a4 Qc6+ 37. Qf3 Rg1+ 38. Kxg1 Qxf3 39. Rb5 Qc6 40. Kf1 Kg7 41. Ke2 Kf8 42. Ke3 Ke7 43. Rd5 Qf6 44. Rb5 Kd7 45. Ke2 Kc6 46. Ke3 Qc3+ 47. Ke2 f6 48. Kf1 g5 49. hxg5 fxg5 50. Kg2 Qf6 51. Kg1 h4 52. Kg2 hxg3 53. Kxg3 Qf4+ 54. Kg2 Kc7 55. f3 Qh4 56. Rd5 Kc6 57. Rb5 Qf4 58. Rd5 g4 59. fxg4 Qxg4+ 60. Kf2 Qh4+ 61. Ke2 Qg3 62. Rb5 Qc3 63. Kf2 Qd2+ 64. Kg1 Qe3+ 65. Kf1 1/2-1/2